000
00266nam a2200109 a 4500
005
20140414093828.0
008
970101s19uu xx 00 eng d
050
_a
VHS 600
_b
R 01
245
_a
General safety video training series.
942
_c
AVM
999
_c
108543
_d
108543